| 000 | 00986nam a22002651i 4500 | ||
|---|---|---|---|
| 003 | SA-RiAUC | ||
| 005 | 20250505070534.0 | ||
| 008 | 250504s1997 su a g t 000 0 ara c | ||
| 040 |
_aJO-IrJUST _bara _cSA-RiAUC _erda |
||
| 043 | _aa-su--- | ||
| 050 | 1 | 4 | _b.758 .B36 1997 |
| 082 | 0 | 4 | _a332.122109531 |
| 090 |
_a332.122109531 _b ب ن ك |
||
| 110 | 2 |
_aالبنك الإسلامي للتنمية _eمؤلف. |
|
| 245 | 1 | 2 |
_aالبنك الإسلامي للتنمية : _bالتقرير السنوي. |
| 264 | 1 |
_aجدة، السعودية : _bالبنك الإسلامي للتنمية، _c1997 |
|
| 300 |
_a344 صفحة : _bإيضاحيات |
||
| 336 |
_aنص _btxt _2rdacontent _3كتاب |
||
| 337 |
_aبدون وسيط _bn _2rdamedia |
||
| 338 |
_aمجلد _bnc _2rdacarrier |
||
| 610 | 2 | 7 |
_aالبنك الإسلامي للتنمية. _2aucnm |
| 650 | 7 |
_aالبنوك الإسلامية _2aucsh |
|
| 942 |
_2ddc _cBOOK _n0 |
||
| 949 |
_aSA-JeALM _d250504 _umohamedma123 _n1 |
||
| 999 |
_c7599 _d7599 |
||